Parerga et paralipomena (Registro nro. 164966)
[ vista simple ]
| 000 -LEADER | |
|---|---|
| campo de control de longitud fija | 00785nam a22002055i 4500 |
| 001 - NÚMERO DE CONTROL | |
| campo de control | 164966 |
| 003 - IDENTIFICADOR DE NÚMERO DE CONTROL | |
| campo de control | ES-MaACL |
| 005 - FECHA Y HORA DE LA ÚLTIMA TRANSACCIÓN | |
| campo de control | 20250526063012.0 |
| 008 - DATOS DE LONGITUD FIJA--INFORMACIÓN GENERAL | |
| campo de control de longitud fija | 000727s1880 fr |||| | fre d |
| 040 ## - FUENTE DE CATALOGACIÓN | |
| Centro catalogador/agencia de origen | AN |
| Lengua de catalogación | spa |
| Centro/agencia transcriptor | AN |
| 100 1# - ENTRADA PRINCIPAL--NOMBRE DE PERSONA | |
| Nombre de persona | Schopenhauer, Arthur, |
| Fechas asociadas al nombre | 1788-1860 |
| 9 (RLIN) | 240710 |
| 245 10 - MENCIÓN DEL TÍTULO | |
| Título | Parerga et paralipomena |
| Resto del título | : aphorismes sur la sagesse dans la vie / |
| Mención de responsabilidad, etc. | par Arthur Schopenhauer ; traduit en français pour la première fois par J.-A. Cantaguzène. |
| 260 ## - PUBLICACIÓN, DISTRIBUCIÓN, ETC. | |
| Lugar de publicación, distribución, etc. | Paris : |
| Nombre del editor, distribuidor, etc. | Librairie Germer Baillière et Cie., |
| Fecha de publicación, distribución, etc. | 1880 ( |
| Lugar de fabricación/manufactura | Colommiers : |
| Fabricante | Typographie Paul Brodard) |
| 300 ## - DESCRIPCIÓN FÍSICA | |
| Extensión | 300 p. ; |
| Dimensiones | 22 cm. |
| 597 ## - NOTA DE DESCRIPCIÓN FÍSICA | |
| NOTA DE DESCRIPCIÓN FÍSICA | Antep. |
| 700 11 - ENTRADA AGREGADA--NOMBRE PERSONAL | |
| Nombre de persona | Cantacuzène, J. A. |
| 9 (RLIN) | 126314 |
| 852 ## - LOCALIZACIÓN | |
| Ubicación | ES-MaACL |
| Número de control de estantería | B-7094 |
| Nota libre | -- Enc. pasta española |
| Estatus retirado | Estado de pérdida | Estado de daño | No para préstamo | Colección | Biblioteca de origen | Biblioteca actual | Ubicación en estantería | Fecha de adquisición | Fuente de adquisición | Total de préstamos | Signatura topográfica completa | Código de barras | Visto por última vez | Precio de reemplazo | Tipo de ítem Koha |
|---|---|---|---|---|---|---|---|---|---|---|---|---|---|---|---|
| Libros del s. XIX | Biblioteca del Ateneo de Madrid | Biblioteca del Ateneo de Madrid | Sala Pardo Bazán | 17/01/2008 | B-7094 | 1172933 | 23/02/2023 | 23/02/2023 | Libro impreso antiguo |
